000
00304nam a2200109Ia 4500
008
220204s9999 xx 000 0 und d
082
_b
RAM
100
_a
Raman Nair, R
245
0
_a
Computer application to library and information services
260
_a
New Delhi
_b
Ess Ess Publications
_c
1992
942
_c
BK
999
_c
40683
_d
40683